La expropiación de las transformaciones del estado (Registro nro. 536175)
[ vista simple ]
| 001 - NÚMERO DE CONTROL | |
|---|---|
| campo de control | 1178786 |
| 005 - FECHA Y HORA DE LA ÚLTIMA TRANSACCIÓN | |
| campo de control | 20240202093809.0 |
| 008 - DATOS DE LONGITUD FIJA--INFORMACIÓN GENERAL | |
| campo de control de longitud fija | 091112s2009 spa |
| 035 ## - NÚMERO DE CONTROL DEL SISTEMA | |
| Número de control de sistema | 1178786 |
| 035 ## - NÚMERO DE CONTROL DEL SISTEMA | |
| Número de control de sistema | (OCoLC)820514817 |
| 040 ## - FUENTE DE LA CATALOGACIÓN | |
| Centro/agencia transcriptor | comduadb |
| 041 ## - CÓDIGO DE LENGUA | |
| Código de lengua del texto/banda sonora o título independiente | spa |
| 100 10 - ENTRADA PRINCIPAL--NOMBRE DE PERSONA | |
| Nombre de persona | Azuela de la Cueva, Antonio |
| Código de función | aut |
| Término indicativo de función/relación | Autor/a |
| 9 (RLIN) | 379544 |
| 245 13 - MENCIÓN DE TÍTULO | |
| Título | La expropiación de las transformaciones del estado |
| 260 ## - PUBLICACIÓN, DISTRIBUCIÓN, ETC. | |
| Fecha de publicación, distribución, etc. | 2009. |
| 520 3# - SUMARIO, ETC. | |
| Sumario, etc. | La expropiación moviliza de manera simultánea el poder estatal y la propiedad privada. Al estudiarla, podemos explorar algunas de las transformaciones de los estados contemporáneos en el contexto de la globalización. Una visión panorámica de las tendencias mundiales en el régimen de la expropiación deja ver que no se trata de un proceso homogéneo. Se proponen dos hipótesis: que el cambio más relevante consiste en una sustitución de la tensión entre interés público e interés privado por la tensión entre intereses locales e intereses globales, y que existe una relación entre los temas que están en discusión y los contextos de dicha discusión. |
| 650 ## - PUNTO DE ACCESO ADICIONAL DE MATERIA--TÉRMINO DE MATERIA | |
| Término de materia o nombre geográfico como elemento de entrada | Expropiación |
| 9 (RLIN) | 50571 |
| 650 ## - PUNTO DE ACCESO ADICIONAL DE MATERIA--TÉRMINO DE MATERIA | |
| Término de materia o nombre geográfico como elemento de entrada | Propiedad privada |
| 9 (RLIN) | 45138 |
| 700 10 - ENTRADA AGREGADA--NOMBRE PERSONAL | |
| Nombre de persona | Herrera, Carlos |
| Código de función | aut |
| Término indicativo de función/relación | Autor/a |
| 700 10 - ENTRADA AGREGADA--NOMBRE PERSONAL | |
| Nombre de persona | Saavedra Herrera, Camilo |
| Código de función | aut |
| Término indicativo de función/relación | Autor/a |
| 9 (RLIN) | 574210 |
| 773 0# - ENLACE AL DOCUMENTO FUENTE/ENTRADA DE REGISTRO ANFITRIÓN | |
| Título | Revista Mexicana de Sociología (México) |
| Parte(s) relacionada(s) | Vol. 71, No. 03, Jul.-Sep. 2009, p. 525-555 |
| Número de control del registro | 197398 |
| Número Internacional Normalizado para Publicaciones Seriadas | 0188-2503 |
| Número bibliográfico anfitrión | 86706 |
| 942 ## - ELEMENTOS DE ENTRADA AGREGADA (KOHA) | |
| Tipo de ítem Koha | Artículo de Revista |
No hay ítems disponibles.